| 000 | 00516nam a22001817a 4500 | ||
|---|---|---|---|
| 003 | OSt | ||
| 005 | 20260422051114.0 | ||
| 008 | 260422b |||||||| |||| 00| 0 eng d | ||
| 040 |
_aDWC-Main Lib. _cOC |
||
| 082 | _aFil. 160 M764 C.7 1980 | ||
| 100 | _aMontemayor, Felix M. | ||
| 245 |
_aHarmony of logic/ _cFelix M. Montemayor |
||
| 260 |
_aManila: _bNational Book Store, _cc1980. |
||
| 300 |
_a276 p. ; _c22 cm. |
||
| 500 | _aIncludes references. | ||
| 650 | _a1. Logic. | ||
| 942 |
_2ddc _cBK-FIL _hFil. _n0 |
||
| 999 |
_c9676 _d9676 |
||